| 000 | 00677nam a2200217 i 4500 | ||
|---|---|---|---|
| 001 | bgj | ||
| 100 | 1 | _aGARBER, Klaus. | |
| 245 | 1 | 0 |
_aMartin Opitz - "der Vater der deutschen Dichtung : _beine kritische Studie zur Wissenschaftsgeschichte der Germanistik / _cKlaus Garber. |
| 260 |
_aStuttgart : _bJ. B. Metzlersche Verlagsbuchhandlung, _c1976. |
||
| 300 |
_aVIII, 216 s. ; _c21 cm. |
||
| 504 | _aBibliogr. 199-212. Indeks. | ||
| 650 | 9 |
_aLiteratura niemiecka _xhistoria |
|
| 020 | _a3476003434 | ||
| 040 | _cBPK | ||
| 041 | 0 | _ager | |
| 044 | _aDEU | ||
| 080 | _a821.112.2(091) | ||
| 920 | _a3-476-00343-4 | ||
| 942 | _cKS | ||
| 008 | s gw f |000 0 ger | ||
| 999 |
_c50302 _d50302 |
||
| 856 |
_uhttp://koha.tu.koszalin.pl/cgi-bin/koha/opac-detail.pl?biblionumber=50302 _yKatalog online BPK |
||